000 00672nam a2200241Ia 4500
003 OSt
005 20220928121401.0
006 a|||||r|||| 00| 0
007 ta
008 220927b |||||||| |||| 00| 0 eng d
024 _a64724
037 _cTextual
040 _aSDCL
_cSDCL
_beng
041 _2eng
_aeng
082 _aX:8y7, L7
100 _aUyterhoeven Hugo E. R.
_9451801
245 0 _aStrategy and organization
260 _aHomewood
_bRichard D. Irwin
_c1977
300 _axii,841p.
_ccm.
700 _a Ackerman Robert W.
_9451802
942 _hX:8y7, L7
_cTEXL
_2CC
999 _c765810
_d765810